Výživa a hnojenie viniča v záhradkách /

Main Author: Mrva, Jozef
Language: Slovak
Published: Bratislava : Československý ovocnársky a záhradkársky sväz, 1967
Series: Malá poradňa záhradkárov
Physical Description: 1 sv. (nestr.)
Book
Saved in:
LEADER 00986nam a22003012a 4500
001 001612397
003 CZ BrMZK
005 20180419130848.0
007 ta
008 180118s1967 xo er|||||||||||slo d
040 |a BOA001  |b cze  |e aacr2 
072 7 |a 634  |x Ovocnářství  |2 Konspekt  |9 24 
080 |a 634.8  |2 MRF 
080 |a 631.8  |2 MRF 
080 |a (036)  |2 MRF 
100 1 |a Mrva, Jozef  |4 aut 
245 1 0 |a Výživa a hnojenie viniča v záhradkách /  |c Jozef Mrva 
260 |a Bratislava :  |b Československý ovocnársky a záhradkársky sväz,  |c 1967 
300 |a 1 sv. (nestr.) 
490 1 |a Malá poradňa záhradkárov ;  |v 27 
650 0 7 |a réva vinná  |7 ph125390  |2 czenas 
650 0 7 |a hnojení  |7 ph120767  |2 czenas 
655 7 |a informační publikace  |7 fd132454  |2 czenas 
830 0 |a Malá poradňa záhradkárov 
910 |a BOA001  |b X-0600.850 
990 |a BK 
991 |b 201801 
996 7 |b 2618926401  |c X-0600.850  |l MZK  |r Sklad / do 24 hodin  |n 0  |w 001647857  |u 000010  |a 1  |e BOA001  |j MZK50  |s A